000 00712nam a2200241Ia 4500
003 OSt
005 20220925204211.0
006 a|||||r|||| 00| 0
007 ta
008 220923b |||||||| |||| 00| 0 eng d
037 _cGeneral Book
040 _aRTL
_cRTL
_beng
041 _2eng
_aeng
082 _aX:8:(T), L2
110 _aInternational Labour Office (Geneva)
_9137755
245 0 _aInteroductory course in teaching and training meth
260 _aGeneva
_bInternational Labour Office
_c1972
300 _a285p.
_ccm.
650 _aManagement
_930681
700 _aInternational Labour Office (Geneva)
_9137756
942 _hX:8:(T), L2
_cGB
_2CC
999 _c548789
_d548789